| 000 | 01083nam a2200229Ia 4500 | ||
|---|---|---|---|
| 001 | 11529 | ||
| 003 | GE_BSU | ||
| 008 | 181216s||||||||xx |||||||||||||| ||und|| | ||
| 040 | _cGE_BSU | ||
| 080 | _a635:631.527(075.8)+635:631.53.02(075.8) | ||
| 100 | _aთოფურიძე,ე.მ. | ||
| 245 | _aბოსტნეულის სელექცია და მეთესლეობა. | ||
| 245 | _bსახელმძღვანელო სასოფლო–სამ.ინ–ტის მებაღეობა–მევენახეობისა და მებოსტნეობის ფაკ–ტის სტუდენტებისათვის. | ||
| 245 | _cსაზოგ.რედ:პ.ნასყიდაშვილი. | ||
| 250 | _aგამოც.მე–2. | ||
| 260 | _aთბილისი. | ||
| 260 | _bგანათლება. | ||
| 260 | _c1965. | ||
| 300 | _a210გვ;22სმ. | ||
| 653 | _aბოსტნეულის სელექცია და მეთესლეობა. | ||
| 942 | _cBK | ||
| 999 |
_c44724 _d44724 |
||